00402nam a2200145Ia 4500008004100000020001500041041000800056082001700064100002300081245009300104250000600197260003200203300001200235650000900247210716s1997 xx 000 0 und d a0070480257 aeng a658.812 OLIR aOliver, Richard L. aSatisfaction: a behavioral perspective on consumes.bBehavioral perspective on consumes. a1 aNew YorkbMcGraw Hillc1997 axvi,432 aNone